[Event "TUR Cup"]
[Site "Adapazari"]
[Date "2022.03.26"]
[Round "2"]
[White "Aktay, Hasan Nezih"]
[Black "Cetinkaya, Ramazan"]
[Result "0-1"]
[WhiteElo "1127"]
[BlackElo "1493"]
[PlyCount "65"]
[EventDate "2022.03.25"]
[EventType "swiss"]
[EventRounds "11"]
[EventCountry "TUR"]
[SourceTitle "EXT 2023"]
[Source "ChessBase"]
[SourceDate "2022.10.05"]
[SourceVersion "1"]
[SourceVersionDate "2022.10.05"]
[SourceQuality "1"]

1. e4 c6 2. d4 d5 3. exd5 cxd5 4. Bd3 Nc6 5. c3 Nf6 6. h3 e6 7. Nf3 Be7 8. Qc2 Bd7 9. Bg5 h6 10. Bf4 Rc8 11. Qe2 a6 12. Nbd2 b5 13. a3 Na5 14. Ne5 Nc4 15. Ndf3 0-0 16. 0-0 Qb6 17. Bxc4 bxc4 18. Qd2 Kh7 19. Rab1 Be8 20. Qc2+ Kh8 21. Qc1 Kh7 22. Qc2+ Kh8 23. Qc1 Ng8 24. Ng4 Kh7 25. Qc2+ Kh8 26. Nfe5 g6 27. Bd2 f5 28. Nh2 Nf6 29. g4 Ne4 30. f3 Nd6 31. Kg2 Bf6 32. f4 Ne4 33. gxf5 0-1